[Event "Mechanics' Winter TNM; G/2"]
[Site "San Francisco"]
[Date "2016.01.26"]
[Round "4.39"]
[White "O'Brien, Maria"]
[Black "Casares Jr, Nick"]
[Result "0-1"]
[WhiteElo "914"]
[BlackElo "1604"]
[PlyCount "21"]
[EventDate "2016.??.??"]

1. e4 e5 2. Nf3 Nc6 3. Nc3 Nf6 4. Bc4 Nxe4 5. Nxe4 d5 6. Bb5 dxe4 7. Nxe5 Qd5
8. Bxc6+ bxc6 9. Ng4 Qg5 10. h3 Bd6 11. d4 {
Remaining moves unplayable on both score sheets. Black later won.} 0-1

[Event "Mechanics' Winter TNM; G/2"]
[Site "San Francisco"]
[Date "2016.01.12"]
[Round "2.43"]
[White "O'Brien, Maria"]
[Black "Simpkins, Jerry"]
[Result "0-1"]
[WhiteElo "914"]
[BlackElo "1512"]
[Annotator "Donaldson"]
[PlyCount "46"]
[EventDate "2016.??.??"]

1. e4 e5 2. Nf3 f5 3. Nc3 fxe4 4. Nxe4 d5 5. Nc3 e4 6. Nd4 Nf6 7. d3 Bg4 8. Be2
Bxe2 9. Ncxe2 Bd6 10. Bg5 O-O 11. Ne6 Qe7 12. Nxf8 Qxf8 13. Nd4 Nc6 14. Nf5 Re8
15. O-O Re5 16. g4 Nxg4 17. Nxd6 Rxg5 18. Qxg4 Rxg4+ 19. Kh1 Qxd6 (19... Qf3#)
20. f3 Rh4 21. Rf2 exf3 22. Re1 Ne5 23. Rg1 Ng4 0-1

[Event "Mechanics' Alan Benson TNM; G/2"]
[Site "San Francisco"]
[Date "2016.08.09"]
[Round "2.7"]
[White "O'Connor, Derek"]
[Black "Andries, W Craig"]
[Result "1-0"]
[WhiteElo "2094"]
[BlackElo "1877"]
[PlyCount "135"]
[EventDate "2016.??.??"]

1. d4 f5 2. Bg5 g6 3. e3 Bg7 4. Nd2 Nf6 5. Bd3 d5 6. Ngf3 Nbd7 7. c4 e6 8. Ne5
c6 9. O-O Qc7 10. f4 Nxe5 11. fxe5 Ng4 12. h3 Nh6 13. Rc1 Nf7 14. Bf4 Qd7 15.
b4 O-O 16. Qc2 Qe7 17. c5 Bd7 18. a4 g5 19. Bh2 h5 20. Rf2 g4 21. Bf4 Ng5 22.
h4 Nf7 23. g3 Bh6 24. Nb3 Bxf4 25. exf4 Nh8 26. Na5 Be8 27. Qb3 Ng6 28. Bf1 Qc7
29. Qc3 a6 30. Rb2 Bd7 31. Ra1 Rfc8 32. Nb3 Ne7 33. Rbb1 Rcb8 34. Nc1 Qd8 35.
Ne2 Kg7 36. Qb2 Ng6 37. Nc3 b6 38. cxb6 Qxb6 39. Qd2 Qd8 40. a5 Ra7 41. Na4 Nf8
42. Rb2 Qe8 43. Rc1 Ng6 44. Qc3 Qe7 45. Rcb1 Kf7 46. Qc5 Qxc5 47. bxc5 Rxb2 48.
Rxb2 Ne7 49. Kf2 Bc8 50. Ke3 Ke8 51. Nc3 Kd8 52. Na2 Kc7 53. Rb6 Bb7 54. Nb4
Nc8 55. Bxa6 Ba8 56. Bxc8 Kxc8 57. Nxc6 Bxc6 58. Rxc6+ Kd7 59. Rd6+ Ke7 60. a6
Ra8 61. Rb6 Kd7 62. Kd3 Rc8 63. Kc3 Ra8 64. Kb4 Kc7 65. Kb5 Re8 66. Rb7+ Kc8
67. c6 Rd8 68. a7 1-0

[Event "Mechanics' Alan Benson TNM; G/2"]
[Site "San Francisco"]
[Date "2016.09.13"]
[Round "7.6"]
[White "O'Connor, Derek"]
[Black "Bayaraa, Chinguun"]
[Result "0-1"]
[WhiteElo "2094"]
[BlackElo "2023"]
[PlyCount "120"]
[EventDate "2016.??.??"]

1. d4 d5 2. c4 e6 3. Nc3 Nf6 4. Nf3 Be7 5. Bf4 c6 6. e3 O-O 7. Bd3 b6 8. O-O
Bb7 9. Qc2 h6 10. e4 dxe4 11. Nxe4 Na6 12. Nxf6+ Bxf6 13. Be4 Qe7 14. Rac1 Rfd8
15. c5 Bxd4 16. Nxd4 Rxd4 17. Be3 Rd7 18. cxb6 axb6 19. Bxb6 Nb4 20. Qb3 Nd5
21. Bc5 Qf6 22. Rfd1 e5 23. Qh3 Rad8 24. Qf5 g6 25. Qxf6 Nxf6 26. Bf3 Nd5 27.
g3 f5 28. Be2 Kf7 29. Bc4 Kf6 30. f3 Ra8 31. Kf2 Ba6 32. Bb3 Bb7 33. Ba3 e4 34.
fxe4 fxe4 35. Bc5 Re8 36. Bd4+ Kg5 37. Rc5 Kg4 38. Bc4 Kh3 39. Kg1 Ne3 40. Be2
Red8 41. Bxe3 Rxd1+ 42. Bxd1 Rxd1+ 43. Kf2 g5 44. Rc1 Rd7 45. Kg1 Ba6 46. Kf2
Rf7+ 47. Kg1 Rd7 48. Kf2 Bb5 49. b3 Kxh2 50. Rc5 Rf7+ 51. Ke1 Kxg3 52. a4 Bd3
53. Rxc6 Kf3 54. Bc1 g4 55. Rxh6 g3 56. Bb2 g2 57. Bd4 e3 58. Rh3+ Kg4 59. Rxe3
g1=Q+ 60. Kd2 Qb1 0-1

[Event "Mechanics' Alan Benson TNM; G/2"]
[Site "San Francisco"]
[Date "2016.09.06"]
[Round "6.7"]
[White "O'Connor, Derek"]
[Black "Boldi, Ethan Vaugh"]
[Result "1-0"]
[WhiteElo "2094"]
[BlackElo "1814"]
[PlyCount "111"]
[EventDate "2016.??.??"]

1. d4 e6 2. c4 d5 3. Nc3 Bb4 4. Nf3 Nf6 5. Bg5 h6 6. Bh4 c6 7. e3 Qa5 8. Qb3
Nbd7 9. Bd3 a6 10. O-O b5 11. cxd5 cxd5 12. a4 Bxc3 13. axb5 Qb4 14. Qxc3 Qxc3
15. bxc3 a5 16. Bg3 O-O 17. Bd6 Re8 18. Bc7 a4 19. Rfb1 Bb7 20. b6 Ra5 21. Ra3
Rea8 22. Bb5 g5 23. Rb4 Kf8 24. Rbxa4 Rxa4 25. Rxa4 Rxa4 26. Bxa4 Ke7 27. Nd2
Ne8 28. c4 Nxc7 29. Bxd7 Na8 30. Bb5 dxc4 31. Nxc4 Bd5 32. Ba6 Kd8 33. b7 Bxb7
34. Bxb7 Nc7 35. f3 Ke7 36. e4 f6 37. Kf2 Ne8 38. Ke3 Ng7 39. g4 Kd7 40. d5 e5
41. Bc6+ Kc7 42. Ba4 h5 43. gxh5 Nxh5 44. d6+ Kd8 45. Na5 Nf4 46. Nb7+ Kc8 47.
d7+ Kxb7 48. d8=Q g4 49. Qd7+ Ka6 50. fxg4 f5 51. gxf5 Ng2+ 52. Kd3 Nf4+ 53.
Kc4 Ne6 54. Bb5+ Kb6 55. fxe6 Ka5 56. Qa7# 1-0

[Event "Mechanics' Alan Benson TNM; G/2"]
[Site "San Francisco"]
[Date "2016.09.27"]
[Round "9.6"]
[White "O'Connor, Derek"]
[Black "Campers Jr, Willie"]
[Result "1-0"]
[WhiteElo "2094"]
[BlackElo "1751"]
[Annotator "Donaldson"]
[PlyCount "91"]
[EventDate "2016.??.??"]

1. d4 d5 2. c4 Nf6 $2 (2... e6) (2... c6) (2... dxc4) 3. cxd5 Nxd5 4. Nf3 $1 (
4. e4 Nf6 5. Nc3 e5 $1) 4... e6 5. e4 Nf6 6. Nc3 Bb4 7. Bd3 O-O 8. e5 Nd5 9.
Bd2 f6 10. O-O f5 11. Nxd5 Bxd2 12. Nxc7 Qxc7 13. Qxd2 b6 14. Rac1 Qd7 15. Qe2
Bb7 16. Bc4 Be4 17. Ng5 Bd5 18. Bxd5 Qxd5 19. Qc4 Qxc4 20. Rxc4 Re8 21. f4 h6
22. Nf3 Nd7 23. Rc7 Nf8 24. g3 Ng6 25. d5 exd5 26. Nd4 Nf8 27. Rfc1 Ne6 28.
Nxe6 Rxe6 29. Rd7 g5 30. Kf2 a5 31. a4 Rb8 32. Rxd5 Kf7 33. Rc7+ Kg6 34. Rd6
Rbe8 35. Rcc6 Kf7 36. Rxe6 Rxe6 37. Rxe6 Kxe6 38. Ke3 Kd5 39. fxg5 hxg5 40. h4
gxh4 41. gxh4 Kxe5 42. h5 f4+ 43. Kf3 Kf5 44. h6 Kg6 45. Kxf4 Kxh6 46. Ke5 1-0

[Event "Mechanics' Summer TNM; G/2"]
[Site "San Francisco"]
[Date "2016.05.24"]
[Round "1.28"]
[White "O'Connor, Derek"]
[Black "Cowgill, Jackie"]
[Result "1-0"]
[WhiteElo "1851"]
[BlackElo "964"]
[PlyCount "43"]
[EventDate "2016.??.??"]

1. e4 e5 2. Nf3 Nc6 3. Bc4 Bc5 4. O-O Nf6 5. d4 d5 6. exd5 Nxd4 7. Nxe5 O-O 8.
Be3 Nxc2 9. Bxc5 Nxa1 10. Bxf8 Qxf8 11. Nc3 c6 12. dxc6 Be6 13. Bxe6 fxe6 14.
cxb7 Rb8 15. Nd7 Nxd7 16. Qxd7 Kh8 17. Rxa1 h6 18. Rd1 Qb4 19. Qc8+ Rxc8 20.
bxc8=Q+ Kh7 21. Qxe6 Qxb2 22. Qf5+ 1-0

[Event "Mechanics' Summer TNM; G/2"]
[Site "San Francisco"]
[Date "2016.06.07"]
[Round "3.28"]
[White "O'Connor, Derek"]
[Black "Hack, Richard"]
[Result "1-0"]
[WhiteElo "1851"]
[BlackElo "1577"]
[PlyCount "105"]
[EventDate "2016.??.??"]

1. d4 f5 2. Bg5 g6 3. Nc3 d5 4. e3 Bg7 5. Be2 Nf6 6. h4 h6 7. Bf4 a6 8. Nf3 Nc6
9. Ne5 Nxe5 10. dxe5 Ne4 11. Nxd5 c6 12. Nb4 Qa5 13. c3 Bxe5 14. Nd3 Bg7 15. f3
Nd6 16. Bxd6 exd6 17. Nf4 Qc5 18. Qd3 Kf7 19. O-O-O d5 20. e4 Be5 21. Qd2 d4
22. Nd3 dxc3 23. Nxc5 cxd2+ 24. Kxd2 Bd4 25. Bc4+ Kf6 26. Nd3 Be6 27. Bxe6 Kxe6
28. Rhe1 Rhe8 29. Kc2 c5 30. Nf4+ Kf7 31. exf5 gxf5 32. Re2 Rad8 33. Rde1 Rxe2+
34. Rxe2 Re8 35. Rxe8 Kxe8 36. Ne6 Bf6 37. Nxc5 b6 38. Nxa6 Bxh4 39. Nc7+ Kd7
40. Nd5 Bf2 41. Kd3 Ke6 42. Nf4+ Ke5 43. Ne2 f4 44. Kc4 Be3 45. Nc3 Kd6 46.
Nb5+ Kc6 47. Nd4+ Kc7 48. Nf5 Bc1 49. b3 h5 50. Kd5 Kd7 51. Nd4 Be3 52. Ke4 Bd2
53. Ne2 1-0

[Event "Mechanics' Fall TNM; G/2"]
[Site "San Francisco"]
[Date "2016.11.08"]
[Round "4.2"]
[White "O'Connor, Derek"]
[Black "Handler, Andrew To"]
[Result "1-0"]
[WhiteElo "2157"]
[BlackElo "1701"]
[Annotator "Donaldson"]
[PlyCount "51"]
[EventDate "2016.??.??"]

1. d4 e6 2. Nf3 f5 3. g3 Nf6 4. Bg2 Be7 5. O-O O-O 6. c4 d6 7. b3 Ne4 ({
The direct} 7... Qe8 8. Ba3 Qh5 {is met by the thematic} 9. d5 {with the point}
e5 $2 10. Nxe5) (7... a5 8. Ba3 Na6 {intending ...Nb4.}) 8. Bb2 a5 9. Nfd2 Nxd2
10. Nxd2 Bf6 11. f4 d5 12. Nf3 Nd7 13. Ne5 c6 14. Qc2 Nxe5 15. dxe5 Be7 16.
Rfd1 Bd7 17. Kh1 Be8 18. e4 fxe4 19. Bxe4 g6 20. Rac1 Qb6 21. Bg2 Bf7 22. cxd5
exd5 23. e6 $1 Bxe6 {Diagram [#]} 24. Qe2 $1 c5 25. Re1 Kf7 26. Bh3 1-0

[Event "Mechanics' Alan Benson TNM; G/2"]
[Site "San Francisco"]
[Date "2016.08.23"]
[Round "4.9"]
[White "O'Connor, Derek"]
[Black "Jensen, Christian"]
[Result "1/2-1/2"]
[WhiteElo "2094"]
[BlackElo "1841"]
[PlyCount "116"]
[EventDate "2016.??.??"]

1. d4 d5 2. c4 c6 3. Nc3 Nf6 4. cxd5 cxd5 5. Bf4 g6 6. e3 a6 7. Rc1 Bg7 8. h3
O-O 9. Nf3 Nbd7 10. Be2 b6 11. O-O Bb7 12. Qb3 Re8 13. Na4 b5 14. Nc5 Nxc5 15.
Rxc5 Rc8 16. Rfc1 Ne4 17. Rxc8 Bxc8 18. a4 bxa4 19. Qxa4 e6 20. Bxa6 Bxa6 21.
Qxa6 g5 22. Bh2 h5 23. Qe2 g4 24. hxg4 hxg4 25. Nd2 g3 26. fxg3 e5 27. Nxe4
dxe4 28. dxe5 Bxe5 29. g4 Bxh2+ 30. Kxh2 Qh4+ 31. Kg1 Kg7 32. Qf2 Qxg4 33. Rf1
Qg6 34. Qf5 Qxf5 35. Rxf5 Rb8 36. Rf2 Rb3 37. Re2 Kf6 38. Kf2 Ke5 39. Ke1 Rd3
40. Kf2 Rb3 41. Rc2 f5 42. g3 Kd5 43. Ke2 Ke5 44. Rd2 Ke6 45. Kf2 Ke5 46. Re2
Kf6 47. Rc2 Kg5 48. Re2 Kf6 49. Kg2 Kg5 50. Kh3 Kh5 51. Rf2 Kg5 52. Re2 Kh5 53.
Kh2 Kg4 54. Kg2 Kg5 55. Kf2 Kg4 56. Rd2 Kg5 57. Re2 Kg4 58. Kg2 Kg5 1/2-1/2

[Event "Mechanics' Fall TNM; G/2"]
[Site "San Francisco"]
[Date "2016.11.22"]
[Round "6.2"]
[White "O'Connor, Derek"]
[Black "Maser, Thomas F"]
[Result "1-0"]
[WhiteElo "2157"]
[BlackElo "1946"]
[Annotator "Donaldson"]
[PlyCount "47"]
[EventDate "2016.??.??"]

1. d4 Nf6 2. Nf3 e6 3. c4 Bb4+ 4. Bd2 a5 5. g3 d5 6. a3 Be7 7. Nc3 O-O 8. Bg2
Nbd7 9. Ne5 c5 10. Nxd7 Nxd7 11. dxc5 d4 12. Nb5 Nxc5 13. Bf4 d3 14. O-O Bd7
15. exd3 Bxb5 16. cxb5 Qb6 17. d4 Nd7 18. Qe2 Nf6 19. d5 Bc5 20. dxe6 fxe6 21.
Rac1 Rae8 {Diagram [#]} 22. b4 $1 axb4 23. axb4 Bxb4 {Black's resignation was
not premature, as can be seen by the following variations.} (23... Bxb4 24. Bc7
Qd4 (24... Qa7 25. b6) 25. Rc4 Qd7 26. Bxb7) 24. Bc7 1-0

[Event "Mechanics' Fall TNM; G/2"]
[Site "San Francisco"]
[Date "2016.11.29"]
[Round "7.1"]
[White "O'Connor, Derek"]
[Black "Stearman, Josiah P"]
[Result "1-0"]
[WhiteElo "2157"]
[BlackElo "2298"]
[Annotator "Donaldson"]
[PlyCount "71"]
[EventDate "2016.??.??"]

1. d4 Nf6 2. Nf3 g6 3. g3 Bg7 4. Bg2 O-O 5. O-O d6 6. c4 Nc6 7. Nc3 a6 8. h3
Bf5 9. d5 Na5 10. Nd2 b5 11. e4 Bd7 12. cxb5 axb5 13. b4 Nc4 14. Nxc4 bxc4 15.
Qc2 Qc8 16. Kh2 c5 17. b5 e6 $2 (17... Ne8 {preparing ...f5 looks like a
better idea. The text allows White's knight and king bishop to become more
active.}) 18. dxe6 Bxe6 19. a4 Nd7 20. f4 $1 f5 21. Bb2 Ra5 22. Nd5 Bxd5 23.
Bxg7 Bxe4 24. Bxe4 Kxg7 25. Qc3+ Nf6 26. Qxa5 fxe4 27. Qc3 d5 28. a5 Qe6 29.
Qe5 Qd7 30. b6 Re8 {Diagram [#]} 31. a6 $1 {This sacrifice reminds me a little
bit of Hort-Biyiasas, Manila Interzonal 1976, where White parted with his
queen under somewhat similar circumatances.} Rxe5 32. fxe5 Ng4+ 33. hxg4 Qxg4
34. a7 Qe2+ 35. Kh1 Qg4 36. Kg2 1-0

[Event "Mechanics' Fall TNM; G/2"]
[Site "San Francisco"]
[Date "2016.10.25"]
[Round "2.3"]
[White "O'Connor, Derek"]
[Black "Steigum, Erling"]
[Result "1-0"]
[WhiteElo "2157"]
[BlackElo "1936"]
[PlyCount "35"]
[EventDate "2016.??.??"]

1. d4 Nf6 2. Nf3 e6 3. c4 Bb4+ 4. Bd2 Qe7 5. g3 Bxd2+ 6. Nbxd2 d5 7. Bg2 Nbd7
8. O-O O-O 9. Qc2 Rd8 10. cxd5 exd5 11. Qxc7 b6 12. Ne5 Ne8 13. Nc6 Nxc7 14.
Nxe7+ Kf8 15. Nxd5 Nxd5 16. Bxd5 Rb8 17. e3 Nf6 18. Bf3 1-0

[Event "Mechanics' Summer TNM; G/2"]
[Site "San Francisco"]
[Date "2016.07.05"]
[Round "7.8"]
[White "O'Connor, Derek"]
[Black "Viswanath, Ganesh"]
[Result "1/2-1/2"]
[WhiteElo "1851"]
[BlackElo "2082"]
[PlyCount "76"]
[EventDate "2016.??.??"]

1. d4 Nf6 2. Nf3 e6 3. c4 Bb4+ 4. Bd2 a5 5. a3 Bxd2+ 6. Nbxd2 O-O 7. g3 d6 8.
Bg2 Nbd7 9. b4 e5 10. O-O Re8 11. e4 b6 12. d5 Ba6 13. Qc2 Qe7 14. Rfc1 axb4
15. axb4 Bb7 16. Nb3 Rxa1 17. Rxa1 Ra8 18. Rxa8+ Bxa8 19. b5 Bb7 20. Bh3 Qd8
21. Nfd2 Qa8 22. Qb2 Kf8 23. Qa1 Qxa1+ 24. Nxa1 Nc5 25. f3 Ke7 26. Kf2 Kd8 27.
Nab3 Nxb3 28. Nxb3 Bc8 29. Bxc8 Kxc8 30. Nc1 Nd7 31. Nd3 Nc5 32. Nxc5 bxc5 33.
f4 f6 34. fxe5 fxe5 35. Ke3 Kb7 36. Kd3 Kb6 37. Kc3 h5 38. h4 g6 1/2-1/2

[Event "Mechanics' Summer TNM; G/2"]
[Site "San Francisco"]
[Date "2016.06.21"]
[Round "5.7"]
[White "O'Connor, Derek"]
[Black "Wang, Yuan"]
[Result "1-0"]
[WhiteElo "1851"]
[BlackElo "2054"]
[Annotator "Donaldson"]
[PlyCount "53"]
[EventDate "2016.??.??"]

1. d4 Nf6 2. Nf3 g6 3. g3 Bg7 4. Bg2 O-O 5. O-O d6 6. c4 Nc6 7. Nc3 e5 8. d5
Ne7 9. e4 Nh5 $2 (9... Nd7) 10. Ne1 $1 Nf6 11. Nd3 Nd7 12. Be3 f5 13. Qd2 Nf6
14. f3 Bd7 15. Bh6 Qe8 16. Bxg7 Kxg7 17. b4 h6 18. f4 exf4 19. Nxf4 fxe4 20.
Nxe4 Nxe4 21. Bxe4 Rf6 {Diagram [#]} 22. Nh5+ $1 gxh5 23. Rxf6 Kxf6 24. Qxh6+
Ng6 25. Bxg6 Qe5 (25... Qxg6 26. Rf1+ Bf5 27. Rxf5+ Kxf5 28. Qf4#) 26. Rf1+ Ke7
27. Qh7+ 1-0

[Event "Mechanics' Summer TNM; G/2"]
[Site "San Francisco"]
[Date "2016.05.24"]
[Round "1.24"]
[White "Ochoa, Jason"]
[Black "Erdenebileg, Erkhe"]
[Result "1/2-1/2"]
[WhiteElo "1893"]
[BlackElo "1195"]
[PlyCount "86"]
[EventDate "2016.??.??"]

1. c4 c5 2. g3 Nc6 3. Bg2 Nf6 4. Nc3 g6 5. e4 Bg7 6. Nge2 O-O 7. O-O d6 8. d3
e5 9. h3 Be6 10. Nd5 Qd7 11. Kh2 Nd4 12. Nxd4 exd4 13. Bg5 Qd8 14. Qd2 a6 15.
Rae1 b5 16. Bxf6 Bxf6 17. Nxf6+ Qxf6 18. e5 dxe5 19. Bxa8 Rxa8 20. f4 bxc4 21.
fxe5 Qg7 22. dxc4 Bxc4 23. Rf2 Bxa2 24. Qa5 Be6 25. Qxc5 Qh6 26. h4 d3 27. Qe3
Qxe3 28. Rxe3 Rd8 29. Rd2 Bc4 30. g4 Kf8 31. Kg3 Ke7 32. g5 Ke6 33. Kf4 Rd4+
34. Re4 Kd5 35. Rxd4+ Kxd4 36. Rh2 Be6 37. h5 gxh5 38. Rd2 h4 39. Rh2 h3 40.
Rd2 a5 41. Rh2 a4 42. Rf2 Bd7 43. Rd2 Be6 1/2-1/2

[Event "Mechanics' Spring TNM; G/2"]
[Site "San Francisco"]
[Date "2016.04.05"]
[Round "4.18"]
[White "Ochoa, Jason"]
[Black "Nelson, Christopher"]
[Result "1-0"]
[WhiteElo "1893"]
[BlackElo "1732"]
[PlyCount "67"]
[EventDate "2016.??.??"]

1. c4 f5 2. g3 Nf6 3. Bg2 e6 4. Nf3 Be7 5. O-O O-O 6. Nc3 d5 7. cxd5 exd5 8. d4
c6 9. Bf4 Na6 10. Qd2 Nc7 11. Rac1 Ne6 12. Be5 Ng4 13. h3 Nxe5 14. Nxe5 f4 15.
e3 fxg3 16. fxg3 Bd6 17. Rxf8+ Qxf8 18. Rf1 Qe8 19. e4 Bxe5 20. dxe5 d4 21. Ne2
c5 22. Qd3 Bd7 23. Rf2 Bb5 24. Qf3 d3 25. Nc3 Nd4 26. Qd1 Ne2+ 27. Kh2 Nxc3 28.
Qb3+ c4 29. Qxc3 Rd8 30. h4 Ba6 31. Bh3 b5 32. a3 Bb7 33. e6 Rd6 34. Rf7 1-0

[Event "Mechanics' Spring TNM; G/2"]
[Site "San Francisco"]
[Date "2016.04.19"]
[Round "6.15"]
[White "Ochoa, Jason"]
[Black "Robertson, Guy"]
[Result "1-0"]
[WhiteElo "1893"]
[BlackElo "1614"]
[Annotator "Donaldson"]
[PlyCount "71"]
[EventDate "2016.??.??"]

1. c4 Nf6 2. g3 g6 3. Bg2 Bg7 4. Nf3 O-O 5. O-O c5 6. Nc3 d6 7. d3 (7. d4) 7...
Nbd7 (7... Nc6) 8. Bg5 h6 9. Be3 Rb8 10. h3 b6 11. Qd2 Kh7 12. Rfd1 Bb7 13.
Rac1 a6 14. d4 cxd4 15. Bxd4 Nc5 16. Bxf6 Bxf6 17. Nd5 Bg7 18. b4 Nd7 19. a4
Nf6 20. Rc2 Nxd5 21. cxd5 Rc8 22. Rdc1 Rxc2 23. Rxc2 Qd7 24. Nd4 Rc8 25. Nc6 e6
26. b5 exd5 27. Bxd5 Qxh3 28. Bxf7 Be5 29. Qd3 Qf5 30. Qxf5 gxf5 31. Be6 Rc7
32. Bxf5+ Kh8 33. Nxe5 Rxc2 34. Ng6+ Kg7 35. Bxc2 axb5 36. axb5 1-0

[Event "Mechanics' Summer TNM; G/2"]
[Site "San Francisco"]
[Date "2016.06.07"]
[Round "3.12"]
[White "Ochoa, Jason"]
[Black "Smith III, Mahlon"]
[Result "0-1"]
[WhiteElo "1893"]
[BlackElo "2060"]
[Annotator "Donaldson"]
[PlyCount "114"]
[EventDate "2016.??.??"]

1. c4 Nf6 2. g3 g6 3. Bg2 Bg7 4. e4 O-O 5. Ne2 c5 6. O-O Nc6 7. Nbc3 d6 8. d3
Bg4 9. h3 Bd7 10. Bg5 Re8 11. Qd2 Rb8 12. Rad1 a6 13. b3 b5 14. Kh2 Qa5 15. f4
b4 16. Bxf6 Bxf6 17. Nd5 Bg7 18. f5 Nd4 19. Nxe7+ $5 Rxe7 20. f6 Bxf6 21. Rxf6
Re6 22. Rf2 Nxe2 23. Qxe2 Qd8 24. Rdf1 Be8 25. Qd2 Kg7 26. Rf4 h6 27. Qb2+ Kg8
28. h4 Rb7 29. Bh3 Re5 30. d4 cxd4 31. Qxd4 Qb6 32. Qd2 Rbe7 33. Bg2 a5 $2 (
33... R5e6 $11) 34. Rf6 $1 R7e6 35. Qxh6 Rxf6 36. Rxf6 Qd4 37. Qf4 Kg7 38. Qf2
(38. g4 $1) 38... Rxe4 39. Qxd4 Rxd4 40. Rf2 a4 41. Bd5 a3 42. Kg2 Rd1 43. Kf3
f5 44. Ke2 Rg1 45. Bg2 Bf7 46. Kd3 Rc1 47. Rc2 Rxc2 48. Kxc2 Kf6 49. Kd3 Ke5
50. Bf3 d5 51. c5 Be8 52. Bg2 Bb5+ 53. Ke3 {Diagram [#]} Bc4 $1 54. c6 Kd6 55.
bxc4 b3 56. c5+ Kxc6 57. Kd4 b2 0-1

[Event "Mechanics' Spring TNM; G/2"]
[Site "San Francisco"]
[Date "2016.03.22"]
[Round "2.20"]
[White "Ochoa, Jason"]
[Black "Stearman, Micah"]
[Result "1-0"]
[WhiteElo "1893"]
[BlackElo "1083"]
[Annotator "Donaldson"]
[PlyCount "51"]
[EventDate "2016.??.??"]

1. c4 g6 2. g3 Bg7 3. Bg2 Nf6 4. Nf3 O-O 5. O-O d6 6. d4 Nbd7 7. Nc3 Re8 8. Bg5
e5 9. Qd2 e4 10. Nh4 Nb6 11. b3 Bf5 $2 (11... Qe7) 12. Nxf5 gxf5 13. Qf4 Qd7
14. Rad1 (14. Bxf6 Bxf6 15. Rad1 {threatening Bh3 is tough to meet.}) 14... d5
$2 15. Bh3 dxc4 16. Bxf5 Qc6 17. Qh4 h5 18. Bxf6 Bxf6 19. Qxh5 cxb3 20. Nxe4
Nd7 21. Qh7+ Kf8 22. d5 Qa6 23. Bxd7 Red8 24. Qh6+ Ke7 25. d6+ Kxd7 26. Qxf6
1-0

[Event "Mechanics' Fall TNM; G/2"]
[Site "San Francisco"]
[Date "2016.11.01"]
[Round "3.29"]
[White "Olson, David"]
[Black "Donaldson, Kyle Ga"]
[Result "1-0"]
[WhiteElo "1400"]
[BlackElo "1453"]
[PlyCount "73"]
[EventDate "2016.??.??"]

1. c4 e5 2. g3 Nf6 3. Bg2 Bc5 4. Nc3 O-O 5. Nf3 d6 6. O-O Nc6 7. d3 Be6 8. a3
a6 9. b4 Ba7 10. Ng5 d5 11. c5 d4 12. Nce4 Bf5 13. Bb2 Nxe4 14. Nxe4 Qd7 15. f4
f6 16. Qd2 Bh3 17. Rf2 Bxg2 18. Rxg2 Ne7 19. Rf1 Nf5 20. Rgf2 Ne3 21. Rc1 f5
22. c6 bxc6 23. Nc5 Bxc5 24. Rxc5 exf4 25. Rxf4 Nd5 26. Rxd4 Rae8 27. e4 fxe4
28. dxe4 Qh3 29. Qg2 Qxg2+ 30. Kxg2 Ne3+ 31. Kh3 Rf6 32. Rh5 Re5 33. Rd8+ Kf7
34. Bxe5 Re6 35. Bf4 Rxe4 36. Re5 Rxe5 37. Bxe5 1-0

[Event "Mechanics' Summer TNM; G/2"]
[Site "San Francisco"]
[Date "2016.06.28"]
[Round "6.38"]
[White "Olson, David"]
[Black "Lawless, Kerry"]
[Result "0-1"]
[WhiteElo "1400"]
[BlackElo "2274"]
[PlyCount "64"]
[EventDate "2016.??.??"]

1. e4 e5 2. Nc3 Nf6 3. Nf3 Bb4 4. Nd5 Nxd5 5. exd5 d6 6. Bb5+ c6 7. dxc6 bxc6
8. Bc4 d5 9. a3 Bd6 10. Ba2 e4 11. Nd4 Qf6 12. c3 O-O 13. O-O Be5 14. Ne2 Ba6
15. f4 exf3 16. Rxf3 Qe7 17. Re3 Qc7 18. Ng3 d4 19. Rf3 Nd7 20. d3 dxc3 21. d4
cxb2 22. Bxb2 Bf6 23. Rc1 Rab8 24. Ba1 Qb6 25. Kh1 Rbd8 26. Ne4 Be7 27. Rb1 Qa5
28. Rbb3 Nf6 29. Nxf6+ Bxf6 30. Bc3 Qh5 31. Bb2 Bc4 32. Rh3 Qxd1# 0-1

[Event "Mechanics' Spring TNM; G/2"]
[Site "San Francisco"]
[Date "2016.03.29"]
[Round "3.12"]
[White "Olson, David L"]
[Black "Harmon, Fredrick G"]
[Result "0-1"]
[WhiteElo "2054"]
[BlackElo "1812"]
[Annotator "Donaldson"]
[PlyCount "56"]
[EventDate "2016.??.??"]

1. e4 e5 2. Nf3 Nc6 3. Bb5 d6 4. d4 exd4 5. Nxd4 Bd7 6. Bxc6 bxc6 7. O-O Be7 8.
c4 Nf6 9. Nc3 O-O 10. Re1 Re8 11. b3 Qc8 12. Bb2 Ng4 13. f3 Ne5 14. f4 Ng6 15.
Qd2 Bf6 16. g3 Qb7 17. Nf3 Bg4 18. Kg2 Rad8 19. h3 Bxf3+ 20. Kxf3 Bxc3 21. Qxc3
f6 22. Rad1 $14 Qc8 23. Qa5 $4 (23. Kg2) 23... Qxh3 24. Rg1 c5 25. Qxc7 Rd7 26.
Qc6 Rde7 27. Qxd6 Nh4+ 28. Ke3 Nf5+ 0-1

[Event "Mechanics' Alan Benson TNM; G/2"]
[Site "San Francisco"]
[Date "2016.08.30"]
[Round "5.26"]
[White "Olson, David R"]
[Black "Arai, Gordon S"]
[Result "0-1"]
[WhiteElo "1400"]
[BlackElo "1737"]
[PlyCount "76"]
[EventDate "2016.??.??"]

1. e4 e6 2. d4 d5 3. Bd3 dxe4 4. Bxe4 Nf6 5. Bg5 Be7 6. Bf3 c6 7. Ne2 Qb6 8. b3
h6 9. Be3 Nd5 10. O-O Nxe3 11. fxe3 Bg5 12. c3 Bxe3+ 13. Kh1 Bg5 14. Nd2 Nd7
15. Nc4 Qc7 16. Bh5 g6 17. Bf3 b6 18. Ng3 Ba6 19. Ne4 Bxc4 20. bxc4 f5 21. Nf2
Rd8 22. Re1 Kf7 23. d5 Nc5 24. dxe6+ Nxe6 25. Qc2 Rd2 26. Qa4 Nc5 27. Qxc6 Qxc6
28. Bxc6 Rxf2 29. Bd5+ Kf6 30. Rad1 Bd2 31. Rg1 Re8 32. Bf3 Ne4 33. a4 Rxf3 34.
gxf3 Nf2+ 35. Kg2 Nxd1 36. Rxd1 Bxc3 37. Rd7 a5 38. Rh7 Re2+ 0-1

[Event "Mechanics' Alan Benson TNM; G/2"]
[Site "San Francisco"]
[Date "2016.09.27"]
[Round "9.37"]
[White "Olson, David R"]
[Black "Baterdene, Jonathan"]
[Result "0-1"]
[WhiteElo "1400"]
[BlackElo "966"]
[PlyCount "82"]
[EventDate "2016.??.??"]

1. e4 e5 2. Nf3 Nc6 3. c3 Nf6 4. Be2 d5 5. exd5 Nxd5 6. d3 Bf5 7. O-O Bd6 8.
Bg5 Nf6 9. Nbd2 Qe7 10. Ne4 Bxe4 11. dxe4 Qe6 12. Qc2 h6 13. Bh4 O-O 14. b3
Rad8 15. Bc4 Qg4 16. Rfe1 a6 17. a4 Ne7 18. Rad1 Ng6 19. Bg3 c6 20. b4 b5 21.
Ba2 Rfe8 22. Rd3 Nf4 23. Rd2 N6h5 24. h3 Nxh3+ 25. gxh3 Qxf3 26. Rd3 Qf6 27.
Rde3 Nxg3 28. fxg3 c5 29. Rf3 Qg6 30. Bxf7+ Qxf7 31. Rxf7 Kxf7 32. Rd1 Ke6 33.
bxc5 Bc7 34. c4 bxa4 35. Qxa4 Rb8 36. Qc6+ Kf7 37. Qxc7+ Kg8 38. Rd7 Rb1+ 39.
Kf2 Rf8+ 40. Rf7 {White didn't notice he was in check and tried to play 40.
Rxg7+ and had to move his rook to block the check turning a win into a loss.}
Rxf7+ 41. Ke2 Rxc7 0-1

[Event "Mechanics' Spring TNM; G/2"]
[Site "San Francisco"]
[Date "2016.04.19"]
[Round "6.44"]
[White "Olson, David R"]
[Black "Bayaraa, Bilgun"]
[Result "1-0"]
[WhiteElo "1400"]
[BlackElo "674"]
[PlyCount "28"]
[EventDate "2016.??.??"]

1. Nf3 d5 2. g3 Nf6 3. Bg2 Nc6 4. c3 Bf5 5. O-O e6 6. d4 Bd6 7. Nh4 O-O 8. Nd2
Ne7 9. Ndf3 Ng6 10. Bg5 Nxh4 11. Nxh4 h6 12. Bc1 Re8 13. f4 c5 14. Nf3 Be4 {
Black is doing well, but White went on to win. Remaining moves unavailable.}
1-0